000 00977pam a2200325 i 4500
999 _c777
_d777
001 017692086
003 Uk
005 20191209130039.0
008 151112s2016 enk 000|1|eng|d
015 _aGBB600514
_2bnb
016 7 _a017692086
_2Uk
020 _a9780008164904 (paperback) :
040 _aStDuBDS
_beng
_cStDuBDS
_dUk
_erda
042 _aukblcatcopy
082 _aFIC CHR
100 1 _aChristie, Agatha,
_d1890-1976,
_eauthor.
245 1 4 _aThe big four /
_cAgatha Christie.
264 1 _aLondon :
_bHarper,
_c2016.
300 _a226 pages ;
_c20 cm.
336 _atext
_2rdacontent
337 _aunmediated
_2rdamedia
338 _avolume
_2rdacarrier
490 0 _aPoirot
500 _a"A Classic Hercule Poirot Mystery"--Front cover.
500 _aFormerly CIP.
_5Uk
600 1 0 _aPoirot, Hercule
_c(Fictitious character)
_vFiction.
650 0 _aPrivate investigators
_zBelgium
_vFiction.
655 0 _aDetective and mystery stories.
942 _2ddc
_cFIC